A Text Book of Inorganic Chemistry (Record no. 8215)

MARC details
000 -LEADER
fixed length control field 00366nam a2200145Ia 4500
008 - FIXED-LENGTH DATA ELEMENTS--GENERAL INFORMATION
fixed length control field 221030s9999 xx 000 0 und d
041 ## - LANGUAGE CODE
Language code of text/sound track or separate title
082 ## - DEWEY DECIMAL CLASSIFICATION NUMBER
Classification number 105.23
Item number Son
100 ## - MAIN ENTRY--AUTHOR NAME
Personal name P. L. Soni
245 #2 - TITLE STATEMENT
Title A Text Book of Inorganic Chemistry
Statement of responsibility, etc by P. L. Soni
260 ## - PUBLICATION, DISTRIBUTION, ETC. (IMPRINT)
Name of publisher S..Chand & Co.
Place of publication New Delhi
Year of publication 1984
300 ## - PHYSICAL DESCRIPTION
Number of Pages 3.354
650 ## - SUBJECT ADDED ENTRY--TOPICAL TERM
Topical Term Chemistry
942 ## - ADDED ENTRY ELEMENTS (KOHA)
Koha item type Books
Holdings
Accession Number Cost, normal purchase price Full call number Price effective from Koha item type Withdrawn / writtenoff status Materials specified (bound volume or other part) Damaged status Not for loan Permanent Location Current Location Shelving location Date acquired Lost/ Missing status department
BE 6406 70.00 105.23 Son 10/30/2022 Books   Print     MIET Library, Jammu MIET Library, Jammu BL-Academic Block C, FL-2, CUP-88, SH-5, R-5 02/01/2003   BE